| 000 | 00755nam a22002412 4500 | ||
|---|---|---|---|
| 001 | 0000004083 | ||
| 005 | 20151217145753.0 | ||
| 008 | 070518s xx 000 0 eng d | ||
| 020 | _a0131118811 : | ||
| 040 |
_aKABU _cKABU |
||
| 050 | 0 |
_aQA76.73 _b.C153D45 2003 |
|
| 100 | 1 |
_aDeitel, H. M. _@0000154449 |
|
| 245 | 1 | 0 |
_aC++ how to program / _cH. M. Deitel, P. J. Deitel. |
| 250 | _a4th ed. | ||
| 260 |
_aUpper Saddle River, N J : _bPearson Educ., _c2003. |
||
| 300 | _alix, 1321 p. | ||
| 650 | 0 |
_aC++ (Computer program language) _@0000154344 |
|
| 700 | 1 |
_aDeitel, P. J. _@0000154450 |
|
| 908 | _a070518 | ||
| 950 | _@1 | ||
| 999 |
_c2439 _d2439 |
||